Factores históricos-geográficos, socioeconómicos y geopolíticos condicionantes de la función transitista del Istmo de Panamá, desde la antigüedad hasta la actualidad/
Αποθηκεύτηκε σε:
| Κύριος συγγραφέας: | |
|---|---|
| Μορφή: | Βιβλίο |
| Γλώσσα: | Spanish |
| Ετικέτες: |
Προσθήκη ετικέτας
Δεν υπάρχουν, Καταχωρήστε ετικέτα πρώτοι!
|
MARC
| LEADER | 00000nam a22000007a 4500 | ||
|---|---|---|---|
| 003 | cru CIDCACS/IIS | ||
| 005 | 20191003153815.0 | ||
| 007 | ta | ||
| 008 | 191003s2018 pn |||p|r||||||0| ||spa|d | ||
| 999 | |c 42443 |d 42443 | ||
| 040 | |c cru CIDCACS/IIS | ||
| 100 | 1 | |9 6169 |a Aguirre Castillo, Carlos | |
| 245 | 1 | |a Factores históricos-geográficos, socioeconómicos y geopolíticos condicionantes de la función transitista del Istmo de Panamá, desde la antigüedad hasta la actualidad/ |c Carlos Aguirre Castillo | |
| 300 | |a páginas 25-32: |b fotos | ||
| 942 | |2 ddc |c PP | ||
| 773 | 0 | |0 19259 |9 2888 |a Desarrollo Social y Cultural (Panamá) |d Panamá: Lotería Nacional de Beneficencia |o 17004 |t Lotería: |x 0024662X | |
